| 000 | 01979cam a22004934i 4500 | ||
|---|---|---|---|
| 003 | PE-LiUPU | ||
| 005 | 20250731184601.0 | ||
| 008 | 150706s r 000 0 d | ||
| 020 | _a | ||
| 035 | _a(Sirsi) a52169 | ||
| 040 |
_aPE-LiUPU _bspa _cPE-LiUPU _erda |
||
| 049 | _aPRUA | ||
| 082 | 0 | 4 |
_a968.204 _bT97 _221 |
| 100 | 1 |
_aTutu, Desmond Mpilo, _eautor. |
|
| 245 | 1 | 0 |
_aSin perdón no hay futuro / _cDesmond Mpilo Tutu. |
| 264 | 1 |
_aBuenos Aires : _bHojas del Sur, _c2012 |
|
| 300 |
_a303 páginas ; _c23 cm. |
||
| 336 |
_atext _2rdacontent |
||
| 337 |
_aunmediated _2rdamedia |
||
| 338 |
_avolume _2rdacarrier |
||
| 505 | 0 | _aEl preludio -- ¿Núremberg o la amnesia nacional? -La tercera posición -- El cumplimiento del tiempo -- Qué de la justicia -- En plena marcha -- Las audiencias de las víctimas -- Queremos perdonar, pero no sabemos a quién -- Ese es mi hermano, conozco esos zapatos -- ¿Por qué cuernos estoy haciendo este trabajo ingrato? -"Nosotros no sabíamos" -- Sin perdón realmente no hay futuro. | |
| 526 | _aP136 | ||
| 526 | _aP135 | ||
| 526 | _aP134 | ||
| 526 | _aP133 | ||
| 526 | _aP144 | ||
| 526 | _aP143 | ||
| 526 | _aP87 | ||
| 526 | _aP35 | ||
| 526 | _aP20 | ||
| 526 | _aP14 | ||
| 526 | _aP10 | ||
| 526 | _aP06 | ||
| 541 | _g001-0000626; | ||
| 650 | 0 | 4 |
_aSudáfrica _xRelaciones raciales. |
| 650 | 0 | 4 |
_aSudáfrica _xComisión de la Verdad y la Reconciliación. |
| 650 | 0 | 4 |
_aPerdón _xCristianismo. |
| 910 |
_clch _d20130514 |
||
| 942 |
_2ddc _cBOOK |
||
| 949 |
_a968.204 T97 _wDEWEY _c1 _i67064 _lCCODEBUL1 _mBUL _p19.00 _r0 _sY _tLIBRO _u2015-07-06 _xTEOLOGIA _PP35 _o.STAFF. Colección General |
||
| 994 |
_aC0 _bPEPRU |
||
| 596 | _a1 | ||
| 999 |
_a968.204 T97 _wDEWEY _c54771 _i67064 _d54771 _e2016-5-12 _f2021-11-11 _g5 _lCCODEBUL1 _mBUL _n1 _p19.00 _r0 _sY _tBOOK _u2015-7-6 _xTEOLOGIA _PP35 _0COMPRA _o.STAFF. Colección General |
||
| 980 |
_81 _gALBERTO SANCHEZ Responsable de Automatización |
||